• 首页
  • 本馆介绍
  • 公告通知
  • 最新文献
  • 馆藏检索
  • 电子资源
  • 读者导购
  • 参考咨询
  • 我的图书馆
  • 登录
  • 详细信息显示
  • 放入我的书架
  • 预约/预借图书
  • 作者相关作品
  • 分类相关作品
  • 丛书相关作品
  • 出版社相关作品

书目信息

  • 表格格式
  • 工作单格式
  • 卡片格式
题名:
旅馆建筑
    
 
作者: 勒席莱斯库 , Lazarescu 著 ;张耀曾 译
分册:  
出版信息: 上海   上海科学技术出版社  1980
页数: 229页
开本: 19cm
丛书名:
单 册:
中图分类: TU247.4
科图分类:
主题词: 民用建筑--建筑设计
电子资源:
ISBN:
000 00838nam0 2200289 45
001 0180003951
005 20040517084145.4
010    @dCNY0.71
091    @a15119.2059
100    @a19950705d1980 em y0chiy0121 ea
101 1  @achi@crum
102    @aCN@b310000
105    @ay z 000yy
106    @ar
200 10 @a旅馆建筑@Alv guan jian zhu@f(罗)勒席莱斯库(C. Lazarescu)著@g张耀曾译
210    @a上海@c上海科学技术出版社@d1980
215    @a229页@d19cm
300    @a书名原文:Constructii hoteliere
510 1  @aConstructii hoteliere@zrum
606 0  @a民用建筑@x建筑设计
690    @aTU247.4
701  1 @a勒席莱斯库@Ale xi lai si ku@bC.@4著
701 A1 @aLazarescu@bC.@4著
702  0 @a张耀曾@Azhang yao zeng@4译
801  0 @aCN@b上海图书馆@c20040517
801  2 @aCN@bNLC@c20040517
905    @f2@b121739-740@dTU247.4@e73
    
    旅馆建筑/(罗)勒席莱斯库(C. Lazarescu)著/张耀曾译.-上海:上海科学技术出版社,1980
    229页;19cm
    书名原文:Constructii hoteliere
    
    ISBN :CNY0.71
    
●
相关链接 在E读中查询图书 在五车中查询图书 在当当中查询图书 在豆瓣中查询图书


正题名:旅馆建筑     索取号:TU247.4/73         预约/预借

序号 登录号 条形码 馆藏地/架位号 状态 备注
1 0121739   001485510   第三借阅区/ [索取号:TU247.4/73] 在馆    
2 0121740   001485459   密集书库/ [索取号:TU247.4/73] 在馆    
3 0121741   001485529   第二样本阅览室/ [索取号:TU247.4/73] 在馆    
唐山师范学院图书馆 欢迎您!
大连网信软件有限公司© 版权所有